「ふ」で終わる駅名 - Statistics

General Stats
  • This quiz has been taken 124 times
  • The average score is 10 of 25
Answer Stats
都道府県 駅名 読み % Correct
岐阜県 岐阜 ぎふ
78%
山梨県 甲府 こうふ
70%
岐阜県 西岐阜 にしぎふ
62%
東京都 調布 ちょうふ
60%
岐阜県 名鉄岐阜 めいてつぎふ
57%
東京都 西府 にしふ
51%
山梨県 南甲府 みなみこうふ
49%
福井県 越前たけふ えちぜんたけふ
47%
東京都 西調布 にしちょうふ
47%
福井県 武生 たけふ
46%
山口県 防府 ほうふ
45%
兵庫県 国府 こくふ
43%
宮城県 利府 りふ
41%
宮城県 新利府 しんりふ
33%
兵庫県 別府 べふ
33%
福岡県 別府 べふ
33%
山口県 長府 ちょうふ
29%
徳島県 海部 かいふ
27%
東京都 田園調布 でんえんちょうふ
26%
岐阜県 モレラ岐阜 もれらぎふ
22%
島根県 周布 すふ
21%
福岡県 太宰府 だざいふ
21%
岐阜県 飛驒国府 ひだこくふ
15%
北海道 比羅夫 ひらふ
15%
大分県 南由布 みなみゆふ
11%
No matching quizzes found
Score Distribution
Percent of People with Each Score
Percentile by Number Answered
Your Score History
You have not taken this quiz